Paesi dell'America centrale e dei Caraibi - Quiz con mappa - Statistics

Statistiche generali
  • Questo quiz è stato fatto 567 volte
  • Il punteggio medio è 9 su 14
Risposte nella Mappa
Le risposte nella mappa del quiz sottostante sono codificate secondo una scala di colori dal rosso al verde in base alla % di persone che hanno risposto correttamente.
 
Statistiche sulle risposte
Risposta % Corretto
Panama
85%
Cuba
78%
Haiti
70%
Trinidad e Tobago
70%
Giamaica
69%
Bahamas
68%
El Salvador
67%
Repubblica Dominicana
67%
Belize
66%
Guatemala
65%
Costa Rica
64%
Honduras
61%
Nicaragua
61%
Porto Rico (US)
57%
Nessun quiz corrispondente trovato
Distribuzione punteggi
Percentuale di utenti per punteggio
Percentile per numero di risposta
I tuoi punteggi nel tempo
Non hai fatto questo quiz